Dark Secrets of jhonson and jhonson: Deception corruption death (Record no. 3838)

MARC details
000 -LEADER
fixed length control field 00438nam a22001697a 4500
003 - CONTROL NUMBER IDENTIFIER
control field OSt
005 - DATE AND TIME OF LATEST TRANSACTION
control field 20250813130636.0
008 - FIXED-LENGTH DATA ELEMENTS--GENERAL INFORMATION
fixed length control field 250811b |||||||| |||| 00| 0 eng d
020 ## - INTERNATIONAL STANDARD BOOK NUMBER
International Standard Book Number 109887654321
082 ## - DEWEY DECIMAL CLASSIFICATION NUMBER
Item number HARD
Classification number 615
100 ## - MAIN ENTRY--PERSONAL NAME
Personal name Harris, Gardiner
245 ## - TITLE STATEMENT
Title Dark Secrets of jhonson and jhonson: Deception corruption death
260 ## - PUBLICATION, DISTRIBUTION, ETC.
Place of publication, distribution, etc. Gurugram
Name of publisher, distributor, etc. Penguin Random House
300 ## - PHYSICAL DESCRIPTION
Extent 444P.
546 ## - LANGUAGE NOTE
Language note English
942 ## - ADDED ENTRY ELEMENTS (KOHA)
Source of classification or shelving scheme Dewey Decimal Classification
Koha item type Book
Holdings
Withdrawn status Lost status Source of classification or shelving scheme Damaged status Not for loan Collection code Home library Current library Shelving location Date acquired Source of acquisition Cost, normal purchase price Inventory number Full call number Barcode Date last seen Price effective from Koha item type
    Dewey Decimal Classification     Non-fiction RIC Library RIC Library General Stacks 08/11/2025 M/s Allied Informatics 899.00 13476/06.08.25 615 HARD 003118 08/11/2025 08/11/2025 Book

Venue

Rajasthan International Centre
Sansthan Path,JLN Marg, Jaipur- 302017
Phone: +91-7230904025